000 00828nam a2200265 i 4500
001 bgj
100 1 _aHAWTHORNE, Nathaniel
_d(1804-1864).
245 1 0 _aThe House of the Seven Gables :
_ba romance /
_cby Nathaniel Hawthorne ; with illustration by Helen Mason Grose.
250 _a[18th print.].
260 _aBoston :
_bHoughton Mifflin Company,
_cc. 1952
_aNew York.
300 _a378 pp, 37 l. ill. (incl. colour) :
_bill. ;
_c22 cm.
490 1 _aRiverside Bookshelf
650 9 _aHaunted houses
650 9 _aHistorical fiction
650 9 _aOccult fiction
650 9 _aDomestic fiction
655 _aFiction
700 1 _aGROSE, Helen Mason.
_eill.
830 _aRiverside Bookshelf
020 _apbk, jacket
040 _cBPK
041 0 _aeng
942 _cKS
008 s uk f |000 0 eng
999 _c48064
_d48064
856 _uhttp://koha.tu.koszalin.pl/cgi-bin/koha/opac-detail.pl?biblionumber=48064
_yKatalog online BPK